000 00793nam a2200253Ia 4500
003 OSt
005 20220928105557.0
006 a|||||r|||| 00| 0
007 ta
008 220927b |||||||| |||| 00| 0 eng d
020 _c1195
024 _a125133
037 _b064, 02/09/2014, Classic Book Service
_cTextual
040 _aSDCL
_cSDCL
_beng
041 _2eng
_aeng
082 _aV58:192'P, Q4
100 _aVasudevan Hari
_9415851
245 0 _aIn the footsteps of Afanasii Nikitin
_b Travels through Eurasia and India in the twenty-first century.
260 _aNew Delhi
_bManohar
_c2014
300 _a368p.
_ccm.
650 _aHistory
942 _hV58:192'P, Q4
_cTEXL
_2CC
999 _c731749
_d731749